000 00555nam a2200193Ia 4500
001 12922
003 GE_BSU
008 181216s||||||||xx |||||||||||||| ||und||
040 _cGE_BSU
245 _aМасличные культуры
245 _cПод.ред. И.В.Якушкина. Ред.Е.И.Гутман
250 _a2-ое дополн.и перераб.
260 _aМосква
260 _bСельхозгиз
260 _c1952
300 _a263стр.илл.20см.
653 _aМасличные культуры
942 _cBK
999 _c46092
_d46092